000 01086nas a2200325 i 4500
001 908
003 ES-MaACL
005 20250902215903.0
007 t|
008 950801d18561936sp w| | 1 ||pa d
022 _a1889-9986
080 _a624/627
245 0 0 _aGaceta de los caminos de hierro
_b: industria, minas, seguros y sociedades de créditos /
_c[fund. Francisco Javier de Bona].
260 _aMadrid :
_bGaceta de los Caminos de Hierro,
_c1856-[1933]
300 _a18 v. ;
_c33 cm.
310 _aMensual
321 _aSemanal,
_b1856-1922
321 _aDecenal,
_b1923-31
321 _aIrregular,
_b1932
362 0 _aAño 1, n. 1 (abr. 1856)-(1936)
530 _aDisponible en formato digital.
650 1 4 _aIndustria. Comunicaciones.
_913720
650 1 7 _aIngeniería civil
_2embne
_913771
650 4 _aFerrocarriles.
_9136097
700 1 _aBona, Fracisco Javier de.
_930045
852 _aES-MaACL
_jHem-302
856 _uhttp://hemerotecadigital.bne.es/issn/1889-9986
_zHemeroteca Digital
866 0 _o1888-91,1893-97,1923-33.
999 _c908
_d908